[Event "msr2025c12"]
[Site "?"]
[Date "2025.05.11"]
[Round "1.1"]
[White "Kopecny, Filip"]
[Black "Katreniak, Matej"]
[Result "1-0"]
[BlackElo "1502"]
[WhiteElo "2032"]
[LiveChessVersion "1.4.8"]

1. e4 {[%clk 1:30:54]} e5 {[%clk 1:30:52]} 2. Nf3 {[%clk 1:31:09]} Nc6
{[%clk 1:31:09]} 3. d4 {[%clk 1:31:09]} exd4 {[%clk 1:31:18]} 4. Nxd4
{[%clk 1:31:19]} Bc5 {[%clk 1:31:15]} 5. Be3 {[%clk 1:30:37]} Bb6
{[%clk 1:30:55]} 6. c3 {[%clk 1:27:43]} Nf6 {[%clk 1:30:03]} 7. Nxc6
{[%clk 1:16:46]} bxc6 {[%clk 1:29:54]} 8. Bxb6 {[%clk 1:16:26]} axb6
{[%clk 1:30:00]} 9. Bd3 {[%clk 1:14:55]} O-O {[%clk 1:28:37]} 10. O-O
{[%clk 1:13:05]} Re8 {[%clk 1:23:10]} 11. Qc2 {[%clk 1:05:51]} d6
{[%clk 1:13:53]} 12. Nd2 {[%clk 1:03:26]} Bg4 {[%clk 1:07:44]} 13. Rfe1
{[%clk 1:02:12]} Qd7 {[%clk 1:01:52]} 14. f3 {[%clk 0:58:42]} Bh5
{[%clk 0:59:42]} 15. b3 {[%clk 0:57:58]} Bg6 {[%clk 0:56:10]} 16. a4
{[%clk 0:53:51]} Qe6 {[%clk 0:52:25]} 17. Rad1 {[%clk 0:51:18]} Nd7
{[%clk 0:50:08]} 18. Qb1 {[%clk 0:45:08]} Nc5 {[%clk 0:43:41]} 19. Bc2
{[%clk 0:43:21]} Re7 20. Re3 {[%clk 0:17:20]} Qf6 {[%clk 0:29:42]} 21. Rde1
{[%clk 0:15:00]} Ree8 {[%clk 0:25:12]} 22. g3 {[%clk 0:12:01]} Re7
{[%clk 0:20:19]} 23. Kg2 {[%clk 0:11:38]} Rae8 {[%clk 0:19:24]} 24. b4
{[%clk 0:09:27]} Nb7 {[%clk 0:17:38]} 25. f4 {[%clk 0:09:20]} Kf8
{[%clk 0:10:35]} 26. Nf3 {[%clk 0:08:54]} c5 {[%clk 0:09:10]} 27. e5
{[%clk 0:07:54]} dxe5 {[%clk 0:08:49]} 28. Nxe5 {[%clk 0:07:57]} Bxc2
{[%clk 0:08:18]} 29. Nd7+ {[%clk 0:07:48]} 1-0

[Event "msr2025c12"]
[Site "?"]
[Date "2025.05.11"]
[Round "1.2"]
[White "Lazur, Richard"]
[Black "Dlugos, Matej"]
[Result "0-1"]
[BlackElo "1979"]
[WhiteElo "1494"]
[LiveChessVersion "1.4.8"]

1. e4 {[%clk 1:30:58]} c5 {[%clk 1:30:54]} 2. Nf3 {[%clk 1:31:24]} e6
{[%clk 1:31:21]} 3. d4 {[%clk 1:31:26]} cxd4 {[%clk 1:31:45]} 4. Nxd4
{[%clk 1:31:51]} Nf6 {[%clk 1:32:02]} 5. Bg5 {[%clk 1:31:12]} Be7
{[%clk 1:31:07]} 6. Bd3 {[%clk 1:31:14]} Nc6 {[%clk 1:29:52]} 7. Nxc6
{[%clk 1:31:14]} bxc6 {[%clk 1:30:08]} 8. O-O {[%clk 1:30:53]} d5
{[%clk 1:29:42]} 9. exd5 {[%clk 1:30:18]} cxd5 {[%clk 1:30:02]} 10. Qf3
{[%clk 1:29:37]} O-O {[%clk 1:29:58]} 11. Rd1 {[%clk 1:28:05]} Qb6
{[%clk 1:29:03]} 12. b3 {[%clk 1:26:05]} Ba6 {[%clk 1:28:01]} 13. Bxa6
{[%clk 1:25:26]} Qxa6 {[%clk 1:28:03]} 14. a3 {[%clk 1:20:43]} h6
{[%clk 1:27:57]} 15. Bf4 {[%clk 1:17:38]} Rac8 {[%clk 1:27:10]} 16. c3
{[%clk 1:09:43]} Qc6 {[%clk 1:21:18]} 17. Qe3 {[%clk 1:06:27]} Bc5
{[%clk 1:20:32]} 18. Qf3 {[%clk 1:04:07]} Ne4 {[%clk 1:20:26]} 19. Rf1
{[%clk 1:03:21]} Qb6 {[%clk 1:18:44]} 20. c4 {[%clk 0:54:33]} Bxf2+
{[%clk 1:04:59]} 21. Kh1 {[%clk 0:54:55]} Bd4 {[%clk 1:04:26]} 22. Ra2
{[%clk 0:55:04]} e5 {[%clk 0:59:12]} 23. Bg3 {[%clk 0:48:37]} Nxg3+
{[%clk 0:59:27]} 24. hxg3 {[%clk 0:48:58]} dxc4 {[%clk 0:57:32]} 25. bxc4
{[%clk 0:41:54]} Rxc4 {[%clk 0:56:14]} 26. Nd2 {[%clk 0:41:51]} Rc3
{[%clk 0:56:18]} 27. Qe4 {[%clk 0:42:02]} Rxg3 {[%clk 0:55:09]} 28. Nf3
{[%clk 0:41:44]} Qg6 {[%clk 0:54:23]} 29. Qxg6 {[%clk 0:40:17]} Rxg6
{[%clk 0:54:29]} 30. Nxd4 {[%clk 0:40:34]} exd4 {[%clk 0:54:52]} 31. Rd2
{[%clk 0:40:40]} Rd6 {[%clk 0:55:09]} 32. Rf4 {[%clk 0:40:32]} Rfd8
{[%clk 0:55:15]} 33. Rd3 {[%clk 0:40:48]} f6 {[%clk 0:55:15]} 34. Kh2
{[%clk 0:40:58]} Kf7 {[%clk 0:55:32]} 35. Kg3 {[%clk 0:41:15]} g5
{[%clk 0:54:53]} 36. Rf1 {[%clk 0:41:00]} Kg6 {[%clk 0:55:03]} 37. Kf3
{[%clk 0:40:22]} f5 {[%clk 0:54:46]} 38. g4 {[%clk 0:40:45]} fxg4+
{[%clk 0:54:19]} 39. Kxg4 {[%clk 0:41:06]} h5+ {[%clk 0:54:33]} 40. Kg3
{[%clk 0:41:14]} Re8 {[%clk 0:54:27]} 41. Rff3 {[%clk 0:41:30]} Re4
{[%clk 0:54:05]} 42. Rd2 {[%clk 0:41:03]} Rde6 {[%clk 0:54:10]} 43. Kf2
{[%clk 0:41:04]} Rf6 {[%clk 0:52:55]} 0-1

[Event "msr2025c12"]
[Site "?"]
[Date "2025.05.11"]
[Round "1.3"]
[White "Mazak, Ryan"]
[Black "Edes, Zalan"]
[Result "1-0"]
[BlackElo "1492"]
[WhiteElo "1889"]
[LiveChessVersion "1.4.8"]

1. b4 {[%clk 1:30:59]} e5 {[%clk 1:30:14]} 2. Bb2 {[%clk 1:31:15]} d6
{[%clk 1:29:21]} 3. e3 {[%clk 1:31:27]} Nf6 {[%clk 1:28:47]} 4. Nf3
{[%clk 1:31:11]} Bg4 {[%clk 1:28:22]} 5. Be2 {[%clk 1:30:57]} Be7
{[%clk 1:22:51]} 6. a3 {[%clk 1:30:35]} O-O {[%clk 1:20:50]} 7. O-O
{[%clk 1:30:41]} Nbd7 {[%clk 1:19:27]} 8. d3 {[%clk 1:30:45]} Re8
{[%clk 1:13:12]} 9. Nbd2 {[%clk 1:30:02]} c5 {[%clk 1:10:12]} 10. c4
{[%clk 1:28:58]} h6 {[%clk 1:00:54]} 11. Nb3 {[%clk 1:23:31]} Rc8
{[%clk 0:59:42]} 12. bxc5 {[%clk 1:23:23]} Nxc5 {[%clk 0:59:29]} 13. Nxc5
{[%clk 1:23:21]} Rxc5 {[%clk 0:59:32]} 14. d4 {[%clk 1:17:59]} Rc6
{[%clk 0:57:24]} 15. c5 {[%clk 1:14:53]} e4 {[%clk 0:55:27]} 16. cxd6
{[%clk 1:05:35]} Rxd6 {[%clk 0:55:18]} 17. Ne5 {[%clk 1:04:46]} Bxe2
{[%clk 0:52:53]} 18. Qxe2 {[%clk 1:05:01]} Nd5 {[%clk 0:49:35]} 19. Rac1
{[%clk 1:00:14]} Bf6 {[%clk 0:46:31]} 20. Rfd1 {[%clk 0:56:51]} Rb6
{[%clk 0:42:59]} 21. Rc5 {[%clk 0:51:51]} Be7 {[%clk 0:38:45]} 22. Rc2
{[%clk 0:50:19]} Rxb2 {[%clk 0:38:33]} 23. Rxb2 {[%clk 0:50:15]} Nc3
{[%clk 0:38:39]} 24. Qc4 {[%clk 0:39:30]} Nd5 {[%clk 0:36:35]} 25. Rb5
{[%clk 0:38:32]} Nc7 {[%clk 0:35:46]} 26. Nxf7 {[%clk 0:38:05]} Qb8
{[%clk 0:35:24]} 27. Nxh6+ {[%clk 0:36:04]} Kh7 {[%clk 0:35:23]} 28. Rh5
{[%clk 0:35:32]} Kg6 {[%clk 0:35:01]} 29. Qf7+ {[%clk 0:35:27]} Kh7
{[%clk 0:35:07]} 30. Ng8# {[%clk 0:35:50]} 1-0

[Event "msr2025c12"]
[Site "?"]
[Date "2025.05.11"]
[Round "1.4"]
[White "Zelenak, Adam"]
[Black "Livnansky, Tomas"]
[Result "0-1"]
[BlackElo "1885"]
[WhiteElo "1452"]
[LiveChessVersion "1.4.8"]

1. e4 {[%clk 1:30:48]} c5 {[%clk 1:29:38]} 2. Nf3 {[%clk 1:31:02]} d6
{[%clk 1:29:59]} 3. d4 {[%clk 1:31:12]} cxd4 {[%clk 1:30:19]} 4. Nxd4
{[%clk 1:31:22]} Nf6 {[%clk 1:30:43]} 5. Nc3 {[%clk 1:31:28]} Nc6
{[%clk 1:31:06]} 6. Be3 {[%clk 1:30:44]} Ng4 {[%clk 1:31:28]} 7. Qd2
{[%clk 1:29:47]} Nxe3 {[%clk 1:31:41]} 8. Qxe3 {[%clk 1:29:40]} Qb6
{[%clk 1:32:03]} 9. O-O-O {[%clk 1:29:10]} g6 {[%clk 1:28:56]} 10. Be2
{[%clk 1:28:41]} Bg7 {[%clk 1:28:25]} 11. Bb5 {[%clk 1:27:22]} Bd7
{[%clk 1:26:56]} 12. Bxc6 {[%clk 1:25:48]} bxc6 {[%clk 1:27:21]} 13. h4
{[%clk 1:24:15]} h5 {[%clk 1:26:25]} 14. f3 {[%clk 1:20:45]} Bh6 {[%clk 1:24:44]}
15. f4 {[%clk 1:19:58]} e5 {[%clk 1:24:50]} 16. g3 {[%clk 1:18:26]} exd4
{[%clk 1:25:10]} 17. Qxd4 {[%clk 1:17:14]} Qxd4 {[%clk 1:25:17]} 18. Rxd4
{[%clk 1:17:26]} Bf8 {[%clk 1:25:11]} 19. e5 {[%clk 1:16:50]} d5 {[%clk 1:25:10]}
20. Re1 {[%clk 1:15:12]} Bc5 {[%clk 1:25:16]} 21. Rd3 {[%clk 1:14:07]} Bf5
{[%clk 1:25:36]} 22. Rf3 {[%clk 1:13:41]} O-O {[%clk 1:24:33]} 23. a3
{[%clk 1:11:11]} Rfe8 {[%clk 1:23:15]} 24. b4 {[%clk 1:08:55]} Bb6
{[%clk 1:23:08]} 25. Kd2 {[%clk 1:07:14]} f6 {[%clk 1:23:14]} 26. exf6
{[%clk 1:05:33]} Rxe1 {[%clk 1:23:41]} 27. Kxe1 {[%clk 1:05:45]} Re8+
{[%clk 1:24:10]} 28. Kd2 {[%clk 1:04:41]} Bg4 {[%clk 1:23:56]} 29. Rf1
{[%clk 1:03:31]} Be3+ {[%clk 1:22:22]} 30. Kd3 {[%clk 1:01:46]} Bf5+
{[%clk 1:22:47]} 31. Ke2 {[%clk 1:00:24]} Bd4+ {[%clk 1:22:57]} 32. Kd2
{[%clk 0:59:50]} Bxc3+ {[%clk 1:23:25]} 33. Kxc3 {[%clk 0:58:52]} Re3+
{[%clk 1:23:54]} 34. Kb2 {[%clk 0:57:50]} Rxg3 {[%clk 1:24:21]} 35. Re1
{[%clk 0:56:52]} Be4 {[%clk 1:24:50]} 36. a4 {[%clk 0:56:42]} Rg2
{[%clk 1:25:13]} 37. Rc1 {[%clk 0:55:48]} Kf7 {[%clk 1:25:28]} 38. Kb3
{[%clk 0:55:48]} Kxf6 {[%clk 1:25:22]} 39. c4 {[%clk 0:55:19]} dxc4+
{[%clk 1:25:45]} 40. Rxc4 {[%clk 0:55:16]} Bd5 {[%clk 1:26:13]} 41. b5
{[%clk 0:55:06]} cxb5 {[%clk 1:26:31]} 42. axb5 {[%clk 0:55:08]} Bxc4+
{[%clk 1:26:52]} 43. Kxc4 {[%clk 0:54:57]} Rg4 {[%clk 1:27:14]} 44. Kc5
{[%clk 0:55:16]} Rxf4 {[%clk 1:27:37]} 45. Kc6 {[%clk 0:53:47]} g5
{[%clk 1:28:01]} 46. hxg5+ {[%clk 0:53:59]} Kxg5 {[%clk 1:28:30]} 47. Kb7
{[%clk 0:54:07]} Rb4 {[%clk 1:28:52]} 48. Kxa7 {[%clk 0:54:23]} Rxb5
{[%clk 1:29:16]} 49. Ka6 {[%clk 0:54:31]} Rb1 {[%clk 1:29:31]} 50. Ka5
{[%clk 0:54:50]} h4 {[%clk 1:29:53]} 51. Ka4 {[%clk 0:55:06]} h3 {[%clk 1:30:17]}
52. Ka3 {[%clk 0:55:27]} h2 {[%clk 1:30:42]} 53. Ka2 {[%clk 0:55:46]} h1=Q
{[%clk 1:31:06]} 54. Ka3 {[%clk 0:55:43]} Qa8# {[%clk 1:31:33]} 0-1

[Event "msr2025c12"]
[Site "?"]
[Date "2025.05.11"]
[Round "1.5"]
[White "Kovacik, Oliver"]
[Black "Vengrin, Filip"]
[Result "1-0"]
[BlackElo "1444"]
[WhiteElo "1848"]
[LiveChessVersion "1.4.8"]

1. d4 {[%clk 1:30:57]} d5 {[%clk 1:30:58]} 2. Bf4 {[%clk 1:31:21]} Nc6
{[%clk 1:30:59]} 3. e3 {[%clk 1:31:45]} Nf6 4. Nf3 e6 {[%clk 1:30:42]} 5. c3
{[%clk 1:32:08]} Be7 {[%clk 1:30:23]} 6. Bd3 {[%clk 1:32:33]} O-O
{[%clk 1:30:41]} 7. O-O {[%clk 1:32:53]} a5 {[%clk 1:29:58]} 8. a4
{[%clk 1:33:04]} b6 {[%clk 1:30:03]} 9. Nbd2 {[%clk 1:33:26]} Ba6
{[%clk 1:30:10]} 10. Bxa6 {[%clk 1:33:37]} Rxa6 {[%clk 1:30:31]} 11. Qe2
{[%clk 1:33:57]} Ra7 {[%clk 1:30:25]} 12. e4 {[%clk 1:33:57]} h6 {[%clk 1:30:13]}
13. h3 {[%clk 1:31:30]} Qd7 {[%clk 1:30:02]} 14. e5 {[%clk 1:30:32]} Nh5
{[%clk 1:29:56]} 15. Bh2 {[%clk 1:30:54]} Rb8 {[%clk 1:29:49]} 16. g4
{[%clk 1:31:05]} Bd8 {[%clk 1:27:39]} 17. gxh5 {[%clk 1:31:27]} Ne7
{[%clk 1:27:10]} 18. Kh1 {[%clk 1:31:34]} b5 {[%clk 1:26:18]} 19. Rg1
{[%clk 1:31:42]} bxa4 {[%clk 1:26:26]} 20. Nh4 {[%clk 1:30:17]} Nf5
{[%clk 1:26:11]} 21. Nxf5 {[%clk 1:30:33]} exf5 {[%clk 1:26:30]} 22. Qe3
{[%clk 1:30:04]} Bg5 {[%clk 1:26:20]} 23. Bf4 {[%clk 1:29:41]} Bxf4
{[%clk 1:26:05]} 24. Qxf4 {[%clk 1:30:05]} Kh8 {[%clk 1:25:20]} 25. Rxg7
{[%clk 1:26:41]} Kxg7 {[%clk 1:25:30]} 26. Rg1+ {[%clk 1:27:05]} Kf8
{[%clk 1:25:46]} 27. Qxh6+ {[%clk 1:27:30]} Ke7 {[%clk 1:25:53]} 28. Qf6+
{[%clk 1:27:57]} Kf8 {[%clk 1:26:00]} 29. h6 {[%clk 1:28:22]} Rb6
{[%clk 1:25:23]} 30. Rg8+ {[%clk 1:28:45]} Kxg8 {[%clk 1:25:35]} 31. Qg7#
{[%clk 1:29:14]} 1-0

[Event "msr2025c12"]
[Site "?"]
[Date "2025.05.11"]
[Round "1.6"]
[White "Grajczki, Vince"]
[Black "Janovicek, Lukas"]
[Result "0-1"]
[BlackElo "1791"]
[WhiteElo "1418"]
[LiveChessVersion "1.4.8"]

1. e4 {[%clk 1:30:57]} c5 {[%clk 1:30:51]} 2. Nf3 {[%clk 1:31:11]} Nc6
{[%clk 1:31:13]} 3. d4 {[%clk 1:31:20]} cxd4 {[%clk 1:31:20]} 4. Nxd4
{[%clk 1:31:46]} g6 {[%clk 1:31:38]} 5. Nc3 {[%clk 1:31:38]} Bg7 {[%clk 1:32:01]}
6. Nf3 {[%clk 1:31:14]} d6 {[%clk 1:31:47]} 7. h3 {[%clk 1:29:59]} Nf6
{[%clk 1:31:04]} 8. Bb5 {[%clk 1:26:03]} O-O {[%clk 1:26:03]} 9. O-O
{[%clk 1:24:06]} Nd7 {[%clk 1:24:34]} 10. Be3 {[%clk 1:16:19]} a6
{[%clk 1:22:25]} 11. Bc4 {[%clk 1:11:01]} Nde5 {[%clk 1:22:11]} 12. Nxe5
{[%clk 1:05:32]} Nxe5 {[%clk 1:22:26]} 13. Bb3 {[%clk 1:04:30]} b5
{[%clk 1:21:24]} 14. Bd5 {[%clk 1:00:26]} Rb8 {[%clk 1:21:12]} 15. Ba7
{[%clk 0:59:14]} Rb7 {[%clk 1:20:49]} 16. Bxb7 {[%clk 0:59:05]} Bxb7
{[%clk 1:21:10]} 17. Qe2 {[%clk 0:54:30]} Nc4 {[%clk 1:18:47]} 18. Rab1
{[%clk 0:51:00]} Qa8 {[%clk 1:13:15]} 19. Be3 {[%clk 0:50:00]} Bxe4
{[%clk 1:10:15]} 20. Nxe4 {[%clk 0:47:09]} Qxe4 {[%clk 1:10:22]} 21. Rfe1
{[%clk 0:44:24]} Nxb2 {[%clk 1:06:54]} 22. Bc1 {[%clk 0:37:46]} Qxe2
{[%clk 1:06:46]} 23. Rxe2 {[%clk 0:37:48]} Na4 {[%clk 1:07:04]} 24. Rxe7
{[%clk 0:36:38]} Nc3 {[%clk 1:03:57]} 25. Rb3 {[%clk 0:32:58]} Nxa2
{[%clk 1:03:52]} 26. Bf4 {[%clk 0:32:01]} d5 {[%clk 1:02:03]} 27. Rbe3
{[%clk 0:30:10]} d4 {[%clk 1:01:16]} 28. Re1 {[%clk 0:28:24]} h5 29. Rb1
{[%clk 0:24:52]} Nc3 {[%clk 0:58:08]} 30. Rb3 {[%clk 0:23:18]} Bf6
{[%clk 0:57:32]} 31. Ra7 {[%clk 0:22:42]} Ne2+ {[%clk 0:57:15]} 32. Kf1
{[%clk 0:21:26]} Nxf4 {[%clk 0:57:31]} 33. Rf3 {[%clk 0:20:07]} Be5
{[%clk 0:56:43]} 34. Re7 {[%clk 0:19:26]} Ne6 {[%clk 0:56:22]} 35. Ra7
{[%clk 0:17:48]} Nc5 {[%clk 0:54:26]} 36. Re7 {[%clk 0:14:28]} f6
{[%clk 0:51:57]} 37. g4 {[%clk 0:10:26]} Bd6 {[%clk 0:49:03]} 38. Ra7
{[%clk 0:10:13]} h4 {[%clk 0:49:18]} 39. Ra3 {[%clk 0:07:20]} Rf7
{[%clk 0:48:01]} 40. Ra8+ {[%clk 0:06:51]} Kg7 {[%clk 0:46:53]} 41. Rd8
{[%clk 0:06:17]} Nb7 {[%clk 0:46:46]} 42. Rxa6 {[%clk 0:04:41]} Nxd8
{[%clk 0:46:47]} 43. Rxd6 Nb7 {[%clk 0:46:39]} 44. Rxd4 {[%clk 0:04:34]} Rc7
{[%clk 0:46:46]} 45. Rd5 {[%clk 0:04:27]} Nc5 {[%clk 0:45:45]} 46. Ke2
{[%clk 0:03:37]} Na4 {[%clk 0:45:18]} 47. Kd2 {[%clk 0:03:07]} Rb7
{[%clk 0:45:25]} 48. Rd6 {[%clk 0:02:40]} Kf7 {[%clk 0:45:21]} 49. Rc6
{[%clk 0:03:02]} Nb6 {[%clk 0:44:59]} 50. Ke3 {[%clk 0:02:53]} Nc4+
{[%clk 0:44:44]} 51. Kf4 {[%clk 0:02:22]} Ne5 {[%clk 0:44:33]} 52. Rc3
{[%clk 0:01:51]} Ke6 {[%clk 0:44:09]} 53. Re3 {[%clk 0:01:30]} Rc7
{[%clk 0:43:48]} 54. Re2 {[%clk 0:01:47]} Rc4+ {[%clk 0:43:31]} 55. Ke3
{[%clk 0:01:47]} g5 {[%clk 0:42:32]} 56. Kd2 {[%clk 0:01:34]} Kd5
{[%clk 0:41:12]} 57. Kc1 {[%clk 0:01:42]} Rc3 {[%clk 0:41:02]} 58. Rd2+
{[%clk 0:01:35]} Kc5 {[%clk 0:40:41]} 59. Rd8 {[%clk 0:01:16]} Rxh3
{[%clk 0:40:17]} 60. Rf8 {[%clk 0:01:39]} Nc4 {[%clk 0:40:29]} 61. Rxf6
{[%clk 0:01:58]} Rh1# {[%clk 0:40:56]} 0-1

[Event "msr2025c12"]
[Site "?"]
[Date "2025.05.11"]
[Round "1.7"]
[White "Zilincan, Tomas"]
[Black "Mrekaj, Teo"]
[Result "1-0"]
[BlackElo "1417"]
[WhiteElo "1737"]
[LiveChessVersion "1.4.8"]

1. Nf3 {[%clk 1:30:57]} Nf6 {[%clk 1:30:48]} 2. d4 {[%clk 1:31:23]} d5
{[%clk 1:31:12]} 3. Bf4 {[%clk 1:31:46]} Bf5 {[%clk 1:30:48]} 4. e3
{[%clk 1:32:08]} a6 {[%clk 1:31:02]} 5. Bd3 {[%clk 1:32:26]} Bxd3
{[%clk 1:30:54]} 6. Qxd3 {[%clk 1:32:45]} Nc6 {[%clk 1:30:57]} 7. O-O
{[%clk 1:32:47]} Nb4 {[%clk 1:30:54]} 8. Qb3 {[%clk 1:33:07]} e6 {[%clk 1:30:07]}
9. a3 {[%clk 1:32:53]} Nc6 {[%clk 1:29:50]} 10. Qxb7 {[%clk 1:32:05]} Na5
{[%clk 1:29:31]} 11. Qxc7 {[%clk 1:32:03]} Qxc7 {[%clk 1:29:01]} 12. Bxc7
{[%clk 1:32:21]} Nc6 {[%clk 1:28:16]} 13. Nbd2 {[%clk 1:29:55]} Rc8
{[%clk 1:28:17]} 14. Bg3 {[%clk 1:28:23]} Be7 {[%clk 1:28:02]} 15. Rfc1
{[%clk 1:27:21]} O-O {[%clk 1:27:47]} 16. c4 {[%clk 1:27:39]} dxc4
{[%clk 1:27:29]} 17. Nxc4 {[%clk 1:27:30]} Na7 {[%clk 1:26:59]} 18. Nb6
{[%clk 1:22:55]} Rb8 {[%clk 1:26:12]} 19. Bxb8 {[%clk 1:23:13]} Rxb8
{[%clk 1:26:29]} 20. Nc4 {[%clk 1:22:51]} Ne4 {[%clk 1:25:39]} 21. Ncd2
{[%clk 1:22:16]} Nxd2 {[%clk 1:24:59]} 22. Nxd2 {[%clk 1:22:24]} Rxb2
{[%clk 1:25:27]} 23. Rc7 {[%clk 1:22:04]} Rxd2 {[%clk 1:24:39]} 24. Rxe7
{[%clk 1:22:19]} 1-0

[Event "msr2025c12"]
[Site "?"]
[Date "2025.05.11"]
[Round "1.8"]
[White "Macek, Martin"]
[Black "Rozboril, Alex"]
[Result "0-1"]
[BlackElo "1733"]
[WhiteElo "1416"]
[LiveChessVersion "1.4.8"]

1. e4 {[%clk 1:30:58]} c5 {[%clk 1:30:41]} 2. d3 {[%clk 1:31:07]} g6
{[%clk 1:30:38]} 3. f3 {[%clk 1:31:12]} Bg7 {[%clk 1:30:45]} 4. Be3
{[%clk 1:31:30]} Bxb2 {[%clk 1:29:39]} 5. Nd2 {[%clk 1:31:19]} d6
{[%clk 1:28:38]} 6. Ne2 {[%clk 1:31:07]} Nc6 {[%clk 1:25:07]} 7. Rb1
{[%clk 1:29:35]} Bg7 {[%clk 1:24:35]} 8. g3 {[%clk 1:29:44]} Nf6 {[%clk 1:17:20]}
9. Bg2 {[%clk 1:29:54]} Rb8 {[%clk 1:11:25]} 10. f4 {[%clk 1:25:29]} Ng4
{[%clk 1:08:28]} 11. Nc4 {[%clk 1:25:41]} b5 {[%clk 1:05:24]} 12. h3
{[%clk 1:24:51]} bxc4 {[%clk 1:00:33]} 13. hxg4 {[%clk 1:24:43]} Bxg4
{[%clk 0:46:16]} 14. Rxb8 {[%clk 1:25:02]} Qxb8 {[%clk 0:37:35]} 15. Rh4
{[%clk 1:24:11]} h5 {[%clk 0:37:16]} 16. Qd2 {[%clk 1:22:54]} Bxe2
{[%clk 0:34:04]} 17. Qxe2 {[%clk 1:20:39]} cxd3 {[%clk 0:31:10]} 18. cxd3
{[%clk 1:13:31]} Qb1+ {[%clk 0:30:02]} 19. Kf2 {[%clk 1:13:44]} Qb2
{[%clk 0:29:21]} 20. e5 {[%clk 1:13:33]} Qxe2+ {[%clk 0:29:32]} 21. Kxe2
{[%clk 1:13:45]} Nb4 {[%clk 0:29:04]} 22. a3 {[%clk 1:13:27]} Nc2
{[%clk 0:28:43]} 23. Bc6+ {[%clk 1:13:32]} Kd8 {[%clk 0:27:14]} 24. Rh1
{[%clk 1:11:59]} Nxe3 {[%clk 0:24:55]} 25. Kxe3 {[%clk 1:12:14]} dxe5
{[%clk 0:24:36]} 26. Rb1 {[%clk 1:12:24]} exf4+ {[%clk 0:24:50]} 27. Kxf4
{[%clk 1:12:14]} Kc7 {[%clk 0:23:30]} 28. Be4 {[%clk 1:11:42]} Rb8
{[%clk 0:21:24]} 29. Rxb8 {[%clk 1:09:36]} Kxb8 {[%clk 0:20:49]} 30. Bd5
{[%clk 1:09:42]} f6 {[%clk 0:12:48]} 31. Ke3 {[%clk 1:09:03]} Bh6+
{[%clk 0:11:07]} 32. Ke2 {[%clk 1:09:17]} g5 {[%clk 0:10:17]} 33. Kd2
{[%clk 1:07:55]} h4 {[%clk 0:09:11]} 34. gxh4 {[%clk 1:08:04]} gxh4+
{[%clk 0:09:14]} 35. Kc3 {[%clk 1:08:15]} Kc7 {[%clk 0:07:56]} 36. Be6
{[%clk 1:06:59]} Kd6 {[%clk 0:07:48]} 37. Bg4 {[%clk 1:06:25]} Ke5
{[%clk 0:06:14]} 38. Kc4 {[%clk 1:06:22]} e6 {[%clk 0:03:42]} 39. Kxc5
{[%clk 1:06:24]} Bf8+ {[%clk 0:04:01]} 40. Kc6 {[%clk 1:06:23]} Bxa3
{[%clk 0:04:15]} 41. d4+ {[%clk 1:06:17]} Kxd4 {[%clk 0:04:11]} 42. Bxe6
{[%clk 1:06:41]} Ke5 {[%clk 0:04:08]} 43. Kd7 {[%clk 1:07:01]} f5
{[%clk 0:04:10]} 44. Bf7 {[%clk 1:06:53]} h3 {[%clk 0:04:27]} 45. Bh5
{[%clk 1:07:21]} Kf4 {[%clk 0:04:21]} 46. Bf7 {[%clk 1:07:01]} Kg3
{[%clk 0:04:21]} 47. Bd5 {[%clk 1:07:08]} f4 {[%clk 0:04:29]} 48. Kc7
{[%clk 1:07:10]} f3 {[%clk 0:04:50]} 49. Kb7 {[%clk 1:07:16]} h2 {[%clk 0:04:57]}
50. Kxa7 {[%clk 1:07:18]} h1=Q {[%clk 0:05:03]} 51. Bxf3 {[%clk 1:07:44]} Bc5+
{[%clk 0:05:02]} 52. Ka6 {[%clk 1:07:39]} Qxf3 {[%clk 0:05:07]} 53. Ka5
{[%clk 1:07:10]} Qb3 {[%clk 0:05:08]} 54. Ka6 Qb6# {[%clk 0:05:12]} 0-1

[Event "msr2025c12"]
[Site "?"]
[Date "2025.05.11"]
[Round "1.9"]
[White "Skypala, Simon"]
[Black "Nestserau, Arseni"]
[Result "1-0"]
[BlackElo "1357"]
[WhiteElo "1698"]
[LiveChessVersion "1.4.8"]

1. e4 {[%clk 1:30:51]} e5 {[%clk 1:30:44]} 2. Nf3 {[%clk 1:30:59]} Nc6
{[%clk 1:30:49]} 3. Bc4 {[%clk 1:31:12]} Bc5 {[%clk 1:30:53]} 4. Nc3
{[%clk 1:30:19]} d6 {[%clk 1:30:54]} 5. h3 {[%clk 1:28:51]} Nf6 {[%clk 1:30:58]}
6. d3 {[%clk 1:27:32]} O-O {[%clk 1:30:26]} 7. Bg5 {[%clk 1:27:48]} h6
{[%clk 1:30:10]} 8. Bh4 {[%clk 1:28:10]} Be6 {[%clk 1:29:56]} 9. Bb3
{[%clk 1:27:25]} Nd4 {[%clk 1:27:25]} 10. Bxe6 {[%clk 1:20:54]} fxe6
{[%clk 1:27:14]} 11. O-O {[%clk 1:19:27]} Nxf3+ {[%clk 1:26:45]} 12. Qxf3
{[%clk 1:19:44]} Qd7 {[%clk 1:26:36]} 13. Bxf6 {[%clk 1:18:32]} Rxf6
{[%clk 1:26:44]} 14. Qg4 {[%clk 1:18:40]} Qf7 {[%clk 1:26:19]} 15. Qe2
{[%clk 1:17:54]} Bd4 {[%clk 1:25:55]} 16. Rab1 {[%clk 1:17:03]} d5
{[%clk 1:25:47]} 17. exd5 {[%clk 1:15:47]} exd5 {[%clk 1:25:57]} 18. Nb5
{[%clk 1:15:54]} Bb6 {[%clk 1:25:02]} 19. Rbe1 {[%clk 1:11:13]} c6
{[%clk 1:24:03]} 20. Nc3 {[%clk 1:10:27]} Re8 {[%clk 1:23:20]} 21. a3
{[%clk 1:08:28]} Bc7 {[%clk 1:21:57]} 22. d4 {[%clk 1:04:49]} Rfe6
{[%clk 1:19:25]} 23. Qg4 {[%clk 0:57:21]} exd4 {[%clk 1:18:50]} 24. Rxe6
{[%clk 0:55:36]} Rxe6 {[%clk 1:19:07]} 25. Qxd4 {[%clk 0:55:46]} Bb6
{[%clk 1:18:54]} 26. Qd2 {[%clk 0:54:38]} Qe7 {[%clk 1:16:25]} 27. Qf4
{[%clk 0:47:59]} Re1 {[%clk 1:13:34]} 28. Qb8+ {[%clk 0:46:49]} Kh7
{[%clk 1:13:48]} 29. Qf4 {[%clk 0:45:02]} Bc7 {[%clk 1:12:58]} 30. Qf5+
{[%clk 0:39:57]} g6 {[%clk 1:12:41]} 31. Qd3 {[%clk 0:39:36]} Qe5
{[%clk 1:11:12]} 32. g3 {[%clk 0:38:55]} Rxf1+ {[%clk 1:10:09]} 33. Kxf1
{[%clk 0:39:08]} d4 {[%clk 1:10:15]} 34. Ne2 {[%clk 0:38:17]} Bb6
{[%clk 1:10:05]} 35. Nf4 {[%clk 0:37:46]} Qf5 {[%clk 1:09:14]} 36. Ke2
{[%clk 0:35:44]} Kg7 {[%clk 1:07:36]} 37. Qxf5 {[%clk 0:35:14]} gxf5
{[%clk 1:07:56]} 38. Kd3 {[%clk 0:35:34]} Kf6 {[%clk 1:07:39]} 39. Ne2
{[%clk 0:35:16]} c5 {[%clk 1:07:44]} 40. f4 {[%clk 0:34:54]} Kg6 {[%clk 1:04:52]}
41. Ng1 {[%clk 0:34:52]} Ba5 {[%clk 1:04:25]} 42. Nf3 {[%clk 0:34:52]} Bc7
{[%clk 1:04:43]} 43. Kc4 {[%clk 0:34:33]} Bb6 {[%clk 1:03:00]} 44. Ne5+
{[%clk 0:34:04]} Kf6 {[%clk 1:03:14]} 45. Nd7+ {[%clk 0:34:24]} 1-0

[Event "msr2025c12"]
[Site "?"]
[Date "2025.05.11"]
[Round "1.10"]
[White "Fekiac, Jan Stanislav"]
[Black "Buday, Alexander"]
[Result "1-0"]
[BlackElo "1663"]
[WhiteElo "1262"]
[LiveChessVersion "1.4.8"]

1. d4 {[%clk 1:30:57]} d5 {[%clk 1:30:41]} 2. Bf4 {[%clk 1:31:16]} c5
{[%clk 1:31:06]} 3. e3 {[%clk 1:31:30]} Nf6 {[%clk 1:31:29]} 4. c4
{[%clk 1:31:39]} cxd4 {[%clk 1:17:27]} 5. exd4 {[%clk 1:31:30]} e6
{[%clk 1:14:08]} 6. Nf3 {[%clk 1:31:26]} Bb4+ {[%clk 1:12:41]} 7. Nc3
{[%clk 1:31:23]} Ne4 {[%clk 1:12:25]} 8. Qc2 {[%clk 1:31:13]} O-O
{[%clk 0:59:50]} 9. Bd3 {[%clk 1:31:14]} h6 {[%clk 0:58:00]} 10. Bxe4
{[%clk 1:31:19]} dxe4 {[%clk 0:58:07]} 11. Qxe4 {[%clk 1:31:29]} Re8
{[%clk 0:55:10]} 12. O-O {[%clk 1:31:25]} Nc6 {[%clk 0:51:21]} 13. Nb5
{[%clk 1:29:25]} Rb8 {[%clk 0:47:50]} 14. Bxb8 {[%clk 1:29:18]} 1-0